[Event "Milan Autumn op"]
[Site "Milan"]
[Date "2015.10.06"]
[Round "7"]
[White "Ceraulo, Carlo Alberto"]
[Black "Colica, Daniele"]
[Result "0-1"]
[WhiteElo "1456"]
[BlackElo "1660"]
[PlyCount "98"]
[EventDate "2015.09.15"]
[EventType "swiss"]
[EventRounds "8"]
[EventCountry "ITA"]
[SourceTitle "EXT 2024"]
[Source "ChessBase"]
[SourceDate "2023.10.10"]
[SourceVersion "1"]
[SourceVersionDate "2023.10.10"]
[SourceQuality "1"]

1. d4 Nf6 2. c4 e6 3. Nc3 Bb4 4. e3 0-0 5. Bd3 d5 6. Nge2 c5 7. cxd5 cxd4 8. exd4 exd5 9. 0-0 Nc6 10. Bg5 Be7 11. Rc1 Bg4 12. f3 Bh5 13. Nf4 Bg6 14. Bxg6 hxg6 15. Re1 Re8 16. Kh1 Qa5 17. Nfe2 Kf8 18. Qa4 Qxa4 19. Nxa4 Nh7 20. Bxe7+ Rxe7 21. Nc5 b6 22. Nd7+ Rxd7 23. Rxc6 Nf6 24. Rec1 Rad8 25. a4 Rd6 26. b4 Rxc6 27. Rxc6 Ke7 28. Nf4 Kd7 29. b5 Rc8 30. Rxc8 Kxc8 31. g4 g5 32. Nd3 Nd7 33. Kg2 Kb7 34. Kg3 a5 35. bxa6+ Kxa6 36. Nb4+ Ka5 37. Nxd5 Kxa4 38. Kf2 b5 39. Ke2 b4 40. Kd3 Ka3 41. Kc2 Nb8 42. Kb1 Nc6 43. f4 gxf4 44. Nxf4 Nxd4 45. h4 Nb5 46. Nd5 Nc3+ 47. Nxc3 bxc3 48. Kc2 Kb4 49. h5 f6 0-1

[Event "Milan Autumn op"]
[Site "Milan"]
[Date "2015.09.22"]
[Round "3"]
[White "Colica, Daniele"]
[Black "Bonghi, Fabrizio"]
[Result "1-0"]
[WhiteElo "1660"]
[BlackElo "1471"]
[PlyCount "41"]
[EventDate "2015.09.15"]
[EventType "swiss"]
[EventRounds "8"]
[EventCountry "ITA"]
[SourceTitle "EXT 2024"]
[Source "ChessBase"]
[SourceDate "2023.10.10"]
[SourceVersion "1"]
[SourceVersionDate "2023.10.10"]
[SourceQuality "1"]

1. e4 c5 2. Nf3 d6 3. d4 cxd4 4. Qxd4 Nc6 5. Bb5 Bd7 6. Bxc6 Bxc6 7. Nc3 Nf6 8. Bg5 e5 9. Qc4 Be7 10. 0-0-0 Rc8 11. Nxe5 0-0 12. Nxc6 Rxc6 13. Qd3 Ng4 14. Bxe7 Qxe7 15. Nd5 Qe6 16. Qd4 Rfc8 17. Rd2 Rc4 18. Qxa7 Qxe4 19. c3 Ne5 20. Rhd1 Ra4 21. Qxb7 1-0

[Event "Milan SSM Septembre"]
[Site "Milan"]
[Date "2015.09.11"]
[Round "2"]
[White "Figini, Vittorio"]
[Black "Colica, Daniele"]
[Result "1-0"]
[WhiteElo "1473"]
[BlackElo "1660"]
[PlyCount "75"]
[EventDate "2015.09.10"]
[EventType "swiss"]
[EventRounds "5"]
[EventCountry "ITA"]
[SourceTitle "EXT 2024"]
[Source "ChessBase"]
[SourceDate "2023.10.10"]
[SourceVersion "1"]
[SourceVersionDate "2023.10.10"]
[SourceQuality "1"]

1. e4 Nf6 2. Nc3 d5 3. exd5 Nxd5 4. Bc4 Nb6 5. Bb3 Nc6 6. Nf3 Bf5 7. Ng5 e6 8. Nxf7 Kxf7 9. d3 Bb4 10. Qf3 Qf6 11. 0-0 Nd4 12. Qxb7 Bd6 13. Re1 Rhe8 14. Be3 Reb8 15. Qa6 Nxb3 16. axb3 Bg6 17. Re2 Nd7 18. Rae1 Nc5 19. Qc4 Nd7 20. Bd4 Nb6 21. Qc6 Bxh2+ 22. Kxh2 Qxd4 23. Qxc7+ Qd7 24. Qf4+ Kg8 25. Rxe6 Rf8 26. Qg5 Qc7+ 27. Kg1 Qf4 28. Qxf4 Rxf4 29. Re7 Bf7 30. Nb5 a6 31. Nd6 Nd5 32. Rb7 Rd8 33. c4 Rxd6 34. Rb8+ Be8 35. Rexe8+ Kf7 36. cxd5 Rxd5 37. Rf8+ Kg6 38. Rxf4 1-0

[Event "Bratto op-C 35th"]
[Site "Bratto"]
[Date "2015.08.24"]
[Round "2.5"]
[White "Colica, Daniele"]
[Black "Hunt, Caro"]
[Result "1-0"]
[WhiteElo "1663"]
[BlackElo "1663"]
[PlyCount "31"]
[EventDate "2015.08.23"]
[EventType "swiss"]
[EventRounds "8"]
[EventCountry "ITA"]
[SourceTitle "EXT 2022"]
[Source "ChessBase"]
[SourceDate "2021.10.06"]
[SourceVersion "1"]
[SourceVersionDate "2021.10.06"]
[SourceQuality "1"]

1. e4 c6 2. Nc3 d5 3. Nf3 Bg4 4. exd5 cxd5 5. h3 Bh5 6. Bb5+ Nc6 7. g4 Bg6 8. Ne5 Rc8 9. h4 f6 10. h5 fxe5 11. hxg6 h6 12. Qf3 Nf6 13. g5 e6 14. gxf6 Qxf6 15. Qxf6 gxf6 16. d3 1-0

[Event "Milan SSM July"]
[Site "Milan"]
[Date "2015.07.05"]
[Round "4"]
[White "Vece, Luigi"]
[Black "Colica, Daniele"]
[Result "0-1"]
[WhiteElo "1565"]
[BlackElo "1686"]
[PlyCount "82"]
[EventDate "2015.07.02"]
[EventType "swiss"]
[EventRounds "5"]
[EventCountry "ITA"]
[SourceTitle "EXT 2024"]
[Source "ChessBase"]
[SourceDate "2023.10.10"]
[SourceVersion "1"]
[SourceVersionDate "2023.10.10"]
[SourceQuality "1"]

1. e4 d5 2. exd5 Nf6 3. d4 Bg4 4. f3 Bf5 5. Bb5+ Bd7 6. Bxd7+ Qxd7 7. c4 c6 8. dxc6 Nxc6 9. Ne2 e6 10. Be3 Be7 11. Nbc3 0-0 12. Qd2 Rac8 13. 0-0 Rfd8 14. Rfd1 Bb4 15. a3 Be7 16. Rac1 Na5 17. Rc2 Nxc4 18. Qd3 Nxe3 19. Qxe3 Nd5 20. Qd3 Bg5 21. Nxd5 Qxd5 22. Kf1 Qd6 23. g3 Rc6 24. Nc3 Qd7 25. Ne4 Be7 26. b4 b6 27. Ke2 Rdc8 28. Rxc6 Rxc6 29. Rd2 Qc7 30. d5 exd5 31. Qxd5 Rc2 32. Rxc2 Qxc2+ 33. Nd2 Qa4 34. Qb3 Qa6+ 35. Qd3 Qc8 36. g4 Qc7 37. Qd5 Qxh2+ 38. Ke3 g6 39. Qa8+ Kg7 40. Qxa7 Bg5+ 41. Kd3 Qxd2+ 0-1

[Event "Milan Cappello Memorial"]
[Site "Milan"]
[Date "2015.06.04"]
[Round "6"]
[White "Ricciardi, Arcangelo"]
[Black "Colica, Daniele"]
[Result "1-0"]
[WhiteElo "1737"]
[BlackElo "1638"]
[PlyCount "88"]
[EventDate "2015.05.12"]
[EventType "swiss"]
[EventRounds "8"]
[EventCountry "ITA"]
[SourceTitle "EXT 2017"]
[Source "ChessBase"]
[SourceDate "2016.10.25"]
[SourceVersion "1"]
[SourceVersionDate "2016.10.25"]
[SourceQuality "1"]

1. e4 d5 2. exd5 Nf6 3. c4 e6 4. dxe6 Bxe6 5. Nf3 Nc6 6. Nc3 Bc5 7. Be2 0-0 8. 0-0 a6 9. a3 Nd4 10. d3 h6 11. b4 Nxf3+ 12. Bxf3 Bd4 13. Bb2 c6 14. Qd2 Bf5 15. Ne4 Nxe4 16. dxe4 Bxb2 17. Qxb2 Be6 18. Rfd1 Qg5 19. c5 Rad8 20. Qc3 Bg4 21. Bxg4 Qxg4 22. f3 Qe6 23. Rd3 Rd7 24. Rad1 Rfd8 25. h3 Rxd3 26. Rxd3 Rxd3 27. Qxd3 Qa2 28. f4 Qa1+ 29. Kf2 Qf6 30. g3 Qa1 31. e5 Qh1 32. Qd7 Qh2+ 33. Kf3 Qa2 34. Kg4 g6 35. Kh4 Qxa3 36. e6 fxe6 37. Qxe6+ Kh8 38. Qc8+ Kg7 39. Qxb7+ Kh8 40. Qxc6 g5+ 41. Kh5 Qxg3 42. Qe8+ Kg7 43. Qg6+ Kh8 44. Qxh6+ Kg8 1-0

[Event "Milan Carnevale op-B 6th"]
[Site "Milan"]
[Date "2015.02.19"]
[Round "2"]
[White "Colica, Daniele"]
[Black "Bonghi, Fabrizio"]
[Result "1-0"]
[WhiteElo "1657"]
[BlackElo "1518"]
[PlyCount "53"]
[EventDate "2015.02.18"]
[EventType "swiss"]
[EventRounds "6"]
[EventCountry "ITA"]
[SourceTitle "EXT 2017"]
[Source "ChessBase"]
[SourceDate "2016.10.25"]
[SourceVersion "1"]
[SourceVersionDate "2016.10.25"]
[SourceQuality "1"]

1. e4 c5 2. Nf3 d6 3. d4 cxd4 4. Qxd4 Nc6 5. Bb5 Qa5+ 6. Nc3 Bd7 7. Bxc6 bxc6 8. Be3 e5 9. Qd3 Nf6 10. Bg5 Nh5 11. g3 h6 12. Bd2 Qb6 13. 0-0 Be7 14. Rfd1 0-0 15. Nxe5 Bh3 16. Nc4 Qc7 17. Be3 f5 18. Nxd6 Rad8 19. Qe2 Nxg3 20. Qc4+ Kh7 21. Nf7 Rxd1+ 22. Rxd1 Nxe4 23. Nxe4 Rxf7 24. Qxf7 fxe4 25. Qf4 Qc8 26. Bxa7 Qa6 27. Qxe4+ 1-0

[Event "Milan Carnevale op-B 6th"]
[Site "Milan"]
[Date "2015.02.18"]
[Round "1"]
[White "Bossoni, Alessandra"]
[Black "Colica, Daniele"]
[Result "1/2-1/2"]
[WhiteElo "1483"]
[BlackElo "1657"]
[PlyCount "102"]
[EventDate "2015.02.18"]
[EventType "swiss"]
[EventRounds "6"]
[EventCountry "ITA"]
[SourceTitle "EXT 2017"]
[Source "ChessBase"]
[SourceDate "2016.10.25"]
[SourceVersion "1"]
[SourceVersionDate "2016.10.25"]
[SourceQuality "1"]

1. e4 d5 2. exd5 Nf6 3. Nc3 Nxd5 4. Nxd5 Qxd5 5. Nf3 Bg4 6. Be2 Nc6 7. h3 Bh5 8. d4 0-0-0 9. c4 Qe4 10. Be3 e5 11. d5 Bb4+ 12. Kf1 Bxf3 13. Bxf3 Qxc4+ 14. Qe2 Qxe2+ 15. Kxe2 Nd4+ 16. Bxd4 exd4 17. Rhd1 Rhe8+ 18. Kf1 Bc5 19. Rac1 Bb6 20. b4 Re5 21. a4 a6 22. Rc2 Kb8 23. a5 Ba7 24. Rcd2 f5 25. g3 g5 26. Re2 Rxe2 27. Kxe2 g4 28. hxg4 fxg4 29. Bxg4 Rxd5 30. Kd3 c6 31. Rh1 Rg5 32. Be6 Re5 33. Bb3 h5 34. Bd1 c5 35. Rxh5 Re1 36. Kd2 Rf1 37. Ke2 Rg1 38. bxc5 Kc7 39. Rd5 Kc6 40. Rxd4 Kxc5 41. Rg4 Kb5 42. Rg5+ Kb4 43. Rg7 Kxa5 44. Rxb7 Bxf2 45. Kxf2 Rxd1 46. Kf3 Rd6 47. Kg4 Rb6 48. Rxb6 Kxb6 49. Kf4 a5 50. Ke4 a4 51. Kd4 Kc6 1/2-1/2

[Event "Milan SSM op 09"]
[Site "Milan"]
[Date "2014.10.10"]
[Round "8"]
[White "Spada, Maurizio"]
[Black "Colica, Daniele"]
[Result "0-1"]
[WhiteElo "1611"]
[BlackElo "1710"]
[PlyCount "128"]
[EventDate "2014.09.16"]
[EventType "swiss"]
[EventRounds "8"]
[EventCountry "ITA"]
[SourceTitle "EXT 2016"]
[Source "ChessBase"]
[SourceDate "2015.10.08"]
[SourceVersion "1"]
[SourceVersionDate "2015.10.08"]
[SourceQuality "1"]

1. e4 d5 2. exd5 Nf6 3. d4 Bg4 4. f3 Bf5 5. Bc4 Nxd5 6. Ne2 e6 7. Ng3 Bg6 8. 0-0 Be7 9. Bd3 Bxd3 10. Qxd3 Nc6 11. c3 0-0 12. Nd2 e5 13. Nb3 exd4 14. Nxd4 Nxd4 15. Qxd4 Bf6 16. Qg4 g6 17. Rd1 c6 18. Kh1 Qc8 19. Qc4 Re8 20. Ne4 b5 21. Qb3 Qe6 22. Bh6 Bg7 23. Bxg7 Kxg7 24. a4 a6 25. c4 bxc4 26. Qxc4 Reb8 27. Qd4+ Kg8 28. Re1 Rb4 29. Qd2 f5 30. Nc3 Qd6 31. Nxd5 cxd5 32. Re3 Rab8 33. b3 Rxb3 34. Rxb3 Rxb3 35. Rd1 Ra3 36. h3 Rxa4 37. Qxd5+ Qxd5 38. Rxd5 Kg7 39. Kh2 Kf6 40. Rd7 h5 41. Kg3 g5 42. Rd6+ Ke5 43. Rg6 f4+ 44. Kh2 Kf5 45. Rg8 a5 46. Rf8+ Ke6 47. Rg8 Kf6 48. Rh8 h4 49. Rh6+ Kf5 50. Rb6 Rb4 51. Rc6 a4 52. Rc5+ Kg6 53. Ra5 Kf6 54. Ra6+ Ke5 55. Ra5+ Kd4 56. Rxg5 a3 57. Ra5 Rb3 58. Ra4+ Ke3 59. Ra8 Kd2 60. Ra4 Kc2 61. Rxf4 a2 62. Ra4 Kb2 63. g3 Ra3 64. Rb4+ Kc3 0-1

[Event "Milan SSM op-B 08"]
[Site "Milan"]
[Date "2014.08.02"]
[Round "5"]
[White "Colica, Daniele"]
[Black "Botta, Massimiliano"]
[Result "0-1"]
[WhiteElo "1716"]
[BlackElo "1702"]
[PlyCount "52"]
[EventDate "2014.07.29"]
[EventType "swiss"]
[EventRounds "7"]
[EventCountry "ITA"]
[SourceTitle "EXT 2022"]
[Source "ChessBase"]
[SourceDate "2021.10.06"]
[SourceVersion "1"]
[SourceVersionDate "2021.10.06"]
[SourceQuality "1"]

1. e4 c5 2. Nf3 d6 3. d4 cxd4 4. Qxd4 Nc6 5. Bb5 Bd7 6. Bxc6 Bxc6 7. Nc3 Nf6 8. Bg5 e6 9. 0-0 Be7 10. Rfe1 Qc7 11. Qd2 h6 12. Bh4 Rd8 13. Re2 a6 14. Rae1 0-0 15. h3 b5 16. Nd5 Nxd5 17. exd5 Bxh4 18. Nxh4 Bxd5 19. Nf5 Bc4 20. Nxh6+ gxh6 21. Re4 f5 22. Rh4 Rf6 23. Qc3 Qg7 24. f4 Rdf8 25. Re3 Rg6 26. Qxg7+ Kxg7 0-1

[Event "Milan SSM op 07"]
[Site "Milan"]
[Date "2014.07.05"]
[Round "3"]
[White "Cozzolino, Angelo"]
[Black "Colica, Daniele"]
[Result "1-0"]
[WhiteElo "1930"]
[BlackElo "1716"]
[PlyCount "129"]
[EventDate "2014.07.03"]
[EventType "swiss"]
[EventRounds "5"]
[EventCountry "ITA"]
[SourceTitle "EXT 2016"]
[Source "ChessBase"]
[SourceDate "2015.10.08"]
[SourceVersion "1"]
[SourceVersionDate "2015.10.08"]
[SourceQuality "1"]

1. d4 Nf6 2. c4 e5 3. dxe5 Ne4 4. Nd2 Bb4 5. a3 Bxd2+ 6. Bxd2 Qe7 7. Nf3 Nc6 8. Bf4 g5 9. Bg3 Nxg3 10. hxg3 Nxe5 11. e3 d6 12. Be2 Bf5 13. Qd4 c5 14. Qc3 f6 15. Nxe5 dxe5 16. Bh5+ Kf8 17. 0-0-0 Kg7 18. Rhe1 Rad8 19. Bf3 e4 20. Be2 Rxd1+ 21. Rxd1 Rd8 22. Rd5 Rxd5 23. cxd5 Qd6 24. Bc4 a6 25. a4 b5 26. axb5 axb5 27. Bxb5 Qxd5 28. Bc4 Qd6 29. Qb3 Qe7 30. Bd5 Qa7 31. Qa3 Qe7 32. Qa8 Qf8 33. Qb7+ Kh8 34. Kc2 Qe8 35. Qa8 Qxa8 36. Bxa8 Kg8 37. Kc3 Be6 38. Bxe4 h6 39. Bd3 Kf8 40. Bc4 Bd7 41. Kd3 Bc6 42. e4 Ke7 43. Bd5 Bb5+ 44. Bc4 Bc6 45. f3 Kd6 46. Ba6 Bd7 47. Kc4 Be6+ 48. Kb5 Bd7+ 49. Kb6 Ba4 50. f4 Bc2 51. Bb7 c4 52. Kb5 Bd3 53. Kb4 h5 54. Kc3 gxf4 55. gxf4 h4 56. Kd4 Bf1 57. Bd5 c3 58. bxc3 Kd7 59. e5 f5 60. c4 Be2 61. e6+ Ke7 62. Ke5 Bg4 63. c5 h3 64. gxh3 Bxh3 65. c6 1-0